Nhật, Pháp bắn nhau và hành động của chúng ta /

Wedi'i Gadw mewn:
Manylion Llyfryddiaeth
Prif Awdur: Trường Chinh.
Fformat: Erthygl
Iaith:Vietnamese
Pynciau:
Tagiau: Ychwanegu Tag
Dim Tagiau, Byddwch y cyntaf i dagio'r cofnod hwn!
Thư viện lưu trữ: Thư viện Trường Đại học Đà Lạt
LEADER 00787nam a2200265 4500
001 DLU090075662
005 ##20090613
040 # # |a DLU  |b vie 
041 # # |a vie 
044 # # |a vn 
100 # # |a Trường Chinh.  
245 # # |a Nhật, Pháp bắn nhau và hành động của chúng ta /  |c Trường Chinh.  
653 # # |a Đường lối kháng chiến  
653 # # |a Căn cứ kháng chiến 
653 # # |a Tổng khởi nghĩa  
773 # # |t Tạp chí lịch sử Đảng  |g Số 2, 1992, tr. 6-11 
920 # # |a Phòng Tạp chí -- Trung tâm Thông tin - Thư viện Trường Đại học Đà Lạt 
994 # # |a DLU 
900 # # |a True 
911 # # |a Nguyễn Thị Linh Chi 
925 # # |a G 
926 # # |a A 
927 # # |a BB 
980 # # |a Thư viện Trường Đại học Đà Lạt